000 00485nam a2200157 i 4500
001 149305
003 ES-MaACL
007 t|
008 071019s1984 xxk ||||1| eng d
100 1 _aVansina, Jan.
_9113081
245 1 0 _aArt history in Africa
_b: an introduction to method /
_cJan Vansina ; drawings by C. Vansina.
260 _aLondon :
_bLongman,
_c[1984]
300 _aXIV, 233 p. :
_bil. ;
_c23 cm.
700 1 _aVansina, C.
_9113080
852 _aES-MaACL
_jL-7117
_bR.107746
999 _c149305
_d149305